holostars quiz - Statistics

General Stats
  • This quiz has been taken 8 times
  • The average score is 15 of 28
Answer Stats
Picture Answer % Correct
aragami oga
71%
gavis bettel
71%
hizaki gamma
71%
kageyama shien
71%
machina x flayon
71%
noir vesper
71%
yukoku roberu
71%
arurandeisu
57%
banzoin hakka
57%
goldbullet
57%
hanasaki miyabi
57%
kanade izuru
57%
minase rio
57%
regis altare
57%
yakushiji suzaku
57%
yatogami fuma
57%
astel leda
43%
axel syrios
43%
crimzon ruze
43%
josuiji shinri
43%
jurard t rexford
43%
kagami kira
43%
kishido temma
43%
magni dezmond
43%
octavio
43%
rikka
43%
utsugi uyu
43%
tsukishita kaoru
14%
No matching quizzes found
Score Distribution
Percent of People with Each Score
Percentile by Number Answered
Your Score History
You have not taken this quiz